000 01075nam a22002897a 4500
001 5594
003 FISKH
005 20241219141026.0
008 241219b cb ||||| |||| 00| 0 eng d
020 _a9781584766162
040 _aFISKH
_beng
_cFISKH
_dFISKH
050 _aPZ7
082 _a741.5
100 _aWeiss, Bobbi
245 _aHiro, Dragon Warrior /
_bGreat strength sometimes comes in a small package!
_cWritten by Bobbi JG Weiss and David Cody Weiss ; illustrated by Robbie Short
260 _aNorwalk :
_bInnovative Kids,
_c2007.
300 _a24 unnumbered pages :
_bcolor illustrations ;
_c23 cm
505 _aF
520 _aThree short stories in graphic novel format tell about Hiro, a young dragon who is bullied until he meets a martial arts master who teaches him to defend himself and gives him a quest.
521 8 _a340
_bLexile estimate
521 8 _aF
_bRaz-Plus
650 _aGraphic Novel
_vComics
700 _aWeiss, David
_eauthor
700 _aShort, Robbie
_eillustrator
942 _2ddc
_cBK
_n0
999 _c5594
_d5594